[Event "Hastings Masters"]
[Site "Hastings, England"]
[Date "2014.12.30"
[Round "2.1"]
[White "Flear, Glenn C"]
[WhiteElo "2460"]
[Black "Rodshtein, Maxim"]
[BlackElo "2676"]
[Result "1/2-1/2"]

1. d4 {[%clk 1:40:49]} Nf6 {[%clk 1:40:51]} 2. c4 {[%clk 1:40:47]} g6
{[%clk 1:41:08]} 3. Nc3 {[%clk 1:40:47]} d5 {[%clk 1:41:31]} 4. cxd5
{[%clk 1:41:04]} Nxd5 {[%clk 1:41:56]} 5. Bd2 {[%clk 1:41:20]} Bg7
{[%clk 1:41:58]} 6. e4 {[%clk 1:41:41]} Nxc3 {[%clk 1:42:13]} 7. Bxc3
{[%clk 1:42:02]} O-O {[%clk 1:42:35]} 8. Qd2 {[%clk 1:42:10]} c5 {[%clk 1:41:54]}
9. d5 {[%clk 1:42:21]} e6 {[%clk 1:42:11]} 10. Bc4 {[%clk 1:41:52]} exd5
{[%clk 1:41:47]} 11. Bxd5 {[%clk 1:41:39]} Nd7 {[%clk 1:42:00]} 12. Nf3
{[%clk 1:41:24]} Nf6 {[%clk 1:40:49]} 13. O-O {[%clk 1:41:01]} Qe7
{[%clk 1:40:00]} 14. Rfe1 {[%clk 1:34:48]} Rd8 {[%clk 1:28:29]} 15. Rad1
{[%clk 1:10:57]} Be6 {[%clk 1:20:48]} 16. Qf4 {[%clk 1:01:19]} h6
{[%clk 1:10:50]} 17. h3 {[%clk 0:44:36]} Nh5 {[%clk 0:55:25]} 18. Qc1
{[%clk 0:43:01]} Rac8 {[%clk 0:39:25]} 19. Bxe6 {[%clk 0:41:24]} Qxe6
{[%clk 0:37:41]} 20. Rxd8+ {[%clk 0:41:10]} Rxd8 {[%clk 0:38:05]} 21. Bxg7
{[%clk 0:41:20]} Kxg7 {[%clk 0:38:29]} 22. Qxc5 {[%clk 0:41:16]} Qxa2
{[%clk 0:26:25]} 23. Qe7 {[%clk 0:33:19]} Rc8 {[%clk 0:23:17]} 24. e5
{[%clk 0:29:16]} Qxb2 {[%clk 0:15:55]} 25. e6 {[%clk 0:26:11]} Qf6
{[%clk 0:14:33]} 26. Qxb7 {[%clk 0:25:10]} Re8 {[%clk 0:14:45]} 27. e7
{[%clk 0:20:15]} Qb6 {[%clk 0:13:59]} 28. Qxb6 {[%clk 0:19:33]} axb6
{[%clk 0:14:25]} 29. Rb1 {[%clk 0:18:58]} Rxe7 30. Kf1 1/2-1/2

[Event "Hastings Masters"]
[Site "Hastings, England"]
[Date "2014.12.30"
[Round "2.2"]
[White "Edouard, Romain"]
[WhiteElo "2659"]
[Black "Kjartansson, Gudmundur"]
[BlackElo "2451"]
[Result "1-0"]

1. d4 {[%clk 1:40:56]} d5 {[%clk 1:40:48]} 2. c4 {[%clk 1:41:19]} e6
{[%clk 1:41:10]} 3. Nf3 {[%clk 1:41:28]} Nf6 {[%clk 1:41:34]} 4. Nc3
{[%clk 1:40:45]} c6 {[%clk 1:41:54]} 5. Bg5 {[%clk 1:41:06]} h6 {[%clk 1:42:18]}
6. Bxf6 {[%clk 1:41:26]} Qxf6 {[%clk 1:42:43]} 7. Qb3 {[%clk 1:41:32]} Qe7
{[%clk 1:42:42]} 8. e3 {[%clk 1:37:57]} Nd7 {[%clk 1:41:17]} 9. Qc2
{[%clk 1:32:25]} g6 {[%clk 1:39:52]} 10. Rc1 {[%clk 1:32:02]} dxc4
{[%clk 1:32:23]} 11. Bxc4 {[%clk 1:32:08]} Bg7 {[%clk 1:32:35]} 12. e4
{[%clk 1:27:26]} O-O {[%clk 1:31:48]} 13. O-O {[%clk 1:25:08]} e5
{[%clk 1:26:54]} 14. d5 {[%clk 1:25:18]} Nb6 {[%clk 1:26:46]} 15. dxc6
{[%clk 1:22:28]} bxc6 {[%clk 1:26:11]} 16. Bb3 {[%clk 1:22:41]} h5
{[%clk 1:16:19]} 17. Na4 {[%clk 1:11:46]} Nxa4 {[%clk 0:43:57]} 18. Bxa4
{[%clk 1:12:05]} Ba6 {[%clk 0:21:53]} 19. Rfe1 {[%clk 1:10:58]} Bb5
{[%clk 0:17:26]} 20. Bb3 {[%clk 1:00:40]} Rab8 {[%clk 0:16:39]} 21. Rcd1
{[%clk 0:56:58]} a5 {[%clk 0:14:42]} 22. a4 {[%clk 0:49:48]} Ba6 {[%clk 0:14:44]}
23. Re3 {[%clk 0:50:14]} Rb6 {[%clk 0:13:56]} 24. Rc3 {[%clk 0:47:39]} Rfb8
{[%clk 0:12:46]} 25. Nd2 {[%clk 0:45:52]} Qb7 {[%clk 0:03:45]} 26. Rf3
{[%clk 0:40:10]} Rf8 {[%clk 0:03:43]} 27. Nc4 {[%clk 0:36:19]} Bxc4
{[%clk 0:04:10]} 28. Qxc4 {[%clk 0:36:43]} Rb4 {[%clk 0:03:03]} 29. Qc2
{[%clk 0:36:53]} Rd4 {[%clk 0:01:59]} 30. Rxd4 {[%clk 0:31:47]} exd4
{[%clk 0:02:27]} 31. g3 {[%clk 0:32:12]} Kh7 {[%clk 0:00:43]} 32. Qc5
{[%clk 0:31:25]} Qc7 {[%clk 0:00:40]} 33. Qxf8 {[%clk 0:23:30]} Bxf8
{[%clk 0:01:03]} 34. Rxf7+ {[%clk 0:23:58]} Qxf7 {[%clk 0:01:27]} 35. Bxf7
{[%clk 0:24:26]} Bb4 {[%clk 0:00:35]} 36. f4 {[%clk 0:22:01]} Bd2
{[%clk 0:00:38]} 37. Kf2 {[%clk 0:21:17]} Kg7 {[%clk 0:00:42]} 38. Be8
{[%clk 0:19:32]} c5 {[%clk 0:00:33]} 39. Kf3 {[%clk 0:19:27]} c4 {[%clk 0:00:34]}
40. Bb5 {[%clk 0:17:09]} c3 {[%clk 0:00:52]} 41. bxc3 {[%clk 0:17:32]} dxc3
{[%clk 0:01:12]} 42. Bd3 {[%clk 0:17:52]} g5 {[%clk 0:49:15]} 43. e5
{[%clk 1:07:19]} Kf8 {[%clk 0:39:28]} 44. f5 {[%clk 1:05:45]} g4+
{[%clk 0:39:33]} 45. Ke4 {[%clk 1:06:09]} Be1 {[%clk 0:39:28]} 46. f6
{[%clk 1:06:03]} 1-0

[Event "Hastings Masters"]
[Site "Hastings, England"]
[Date "2014.12.30"
[Round "2.3"]
[White "Gledura, Benjamin"]
[WhiteElo "2450"]
[Black "Mista, Aleksander"]
[BlackElo "2614"]
[Result "1-0"]

1. d4 {[%clk 1:40:54]} Nf6 {[%clk 1:40:56]} 2. c4 {[%clk 1:41:12]} e6
{[%clk 1:41:21]} 3. Nf3 {[%clk 1:41:21]} Bb4+ {[%clk 1:41:42]} 4. Nbd2
{[%clk 1:40:55]} O-O {[%clk 1:41:57]} 5. a3 {[%clk 1:40:54]} Be7 {[%clk 1:42:10]}
6. e4 {[%clk 1:37:42]} d6 {[%clk 1:42:33]} 7. Bd3 {[%clk 1:31:41]} Nbd7
{[%clk 1:42:40]} 8. O-O {[%clk 1:27:09]} e5 {[%clk 1:41:55]} 9. b4
{[%clk 1:19:10]} exd4 {[%clk 1:31:19]} 10. Nxd4 {[%clk 1:19:21]} Re8
{[%clk 1:31:34]} 11. Bb2 {[%clk 1:15:18]} Bf8 {[%clk 1:31:53]} 12. f4
{[%clk 1:10:41]} c5 {[%clk 1:26:38]} 13. N4f3 {[%clk 0:59:34]} g6
{[%clk 1:25:18]} 14. Kh1 {[%clk 0:52:41]} Bg7 {[%clk 1:23:57]} 15. Qc2
{[%clk 0:49:59]} b6 {[%clk 1:16:47]} 16. Rae1 {[%clk 0:33:49]} Bb7
{[%clk 1:16:06]} 17. Qb1 {[%clk 0:30:04]} Re7 {[%clk 1:08:16]} 18. b5
{[%clk 0:25:02]} Qf8 {[%clk 1:06:38]} 19. e5 {[%clk 0:21:43]} dxe5
{[%clk 1:03:00]} 20. fxe5 {[%clk 0:21:55]} Ng4 {[%clk 1:02:09]} 21. e6
{[%clk 0:13:09]} Rxe6 {[%clk 1:00:19]} 22. Rxe6 {[%clk 0:13:25]} fxe6
{[%clk 1:00:45]} 23. Be4 {[%clk 0:13:12]} Qb8 {[%clk 0:49:31]} 24. Bxg7
{[%clk 0:11:36]} Kxg7 {[%clk 0:49:52]} 25. Bxb7 {[%clk 0:11:27]} Qxb7
{[%clk 0:50:18]} 26. Ng5 {[%clk 0:11:45]} Ndf6 {[%clk 0:45:45]} 27. Nxe6+
{[%clk 0:11:40]} Kg8 {[%clk 0:46:09]} 28. Qa1 {[%clk 0:04:48]} Qd7
{[%clk 0:19:22]} 29. Rxf6 {[%clk 0:02:37]} Nxf6 {[%clk 0:19:47]} 30. Qxf6
{[%clk 0:03:02]} Re8 {[%clk 0:20:13]} 31. Ng5 {[%clk 0:03:16]} Rf8
{[%clk 0:18:08]} 32. Nge4 {[%clk 0:02:36]} Qg4 {[%clk 0:14:47]} 33. Qa1
{[%clk 0:02:03]} Qe2 {[%clk 0:14:48]} 34. h3 {[%clk 0:02:09]} Rf5
{[%clk 0:12:15]} 35. Qc3 {[%clk 0:01:00]} h5 {[%clk 0:11:34]} 36. Qg3
{[%clk 0:00:50]} Kg7 {[%clk 0:09:51]} 37. Kh2 {[%clk 0:00:57]} Kh6
{[%clk 0:09:34]} 38. Qb8 {[%clk 0:00:54]} Rf7 {[%clk 0:09:15]} 39. Qh8+
{[%clk 0:00:43]} Rh7 {[%clk 0:09:41]} 40. Qf8+ {[%clk 0:01:06]} Rg7
{[%clk 0:10:08]} 41. Qf4+ {[%clk 0:01:25]} 1-0

[Event "Hastings Masters"]
[Site "Hastings, England"]
[Date "2014.12.30"
[Round "2.4"]
[White "Fier, Alexandr"]
[WhiteElo "2592"]
[Black "Hunt, Adam C"]
[BlackElo "2437"]
[Result "1/2-1/2"]

1. d4 {[%clk 1:40:59]} Nf6 {[%clk 1:40:42]} 2. c4 {[%clk 1:41:26]} g6
{[%clk 1:40:44]} 3. Nc3 {[%clk 1:41:52]} d5 {[%clk 1:40:50]} 4. cxd5
{[%clk 1:42:19]} Nxd5 {[%clk 1:41:09]} 5. e4 {[%clk 1:42:46]} Nxc3
{[%clk 1:41:13]} 6. bxc3 {[%clk 1:43:13]} Bg7 {[%clk 1:41:18]} 7. Nf3
{[%clk 1:43:39]} c5 {[%clk 1:36:26]} 8. Be3 {[%clk 1:44:01]} O-O {[%clk 1:33:46]}
9. Be2 {[%clk 1:44:27]} Nc6 {[%clk 1:26:34]} 10. O-O {[%clk 1:43:30]} Qc7
{[%clk 1:21:20]} 11. d5 {[%clk 1:42:59]} Na5 {[%clk 1:16:04]} 12. Rc1
{[%clk 1:40:29]} f5 {[%clk 1:13:29]} 13. exf5 {[%clk 1:40:12]} Bxf5
{[%clk 1:13:22]} 14. Qd2 {[%clk 1:39:33]} Rad8 {[%clk 1:09:16]} 15. c4
{[%clk 1:39:44]} b6 {[%clk 1:09:02]} 16. Bh6 {[%clk 1:35:11]} e6 {[%clk 1:06:20]}
17. Bg5 {[%clk 1:32:58]} Rd7 {[%clk 1:02:39]} 18. Rcd1 {[%clk 1:25:22]} Nb7
{[%clk 0:46:00]} 19. Nh4 {[%clk 1:24:08]} exd5 {[%clk 0:40:57]} 20. Nxf5
{[%clk 1:23:59]} gxf5 {[%clk 0:40:41]} 21. cxd5 {[%clk 1:24:23]} Nd6
{[%clk 0:40:57]} 22. Bf4 {[%clk 1:24:27]} Qd8 {[%clk 0:38:43]} 23. Bxd6
{[%clk 1:21:37]} Rxd6 {[%clk 0:39:05]} 24. Rfe1 {[%clk 1:22:05]} Kh8
{[%clk 0:36:03]} 25. Bc4 {[%clk 1:22:27]} Qh4 {[%clk 0:35:33]} 26. Qc2
{[%clk 1:15:14]} Rh6 {[%clk 0:28:34]} 27. h3 {[%clk 1:15:40]} Bd4
{[%clk 0:27:45]} 28. Re6 {[%clk 1:15:52]} f4 {[%clk 0:22:18]} 29. Rxh6
{[%clk 1:04:03]} Qxh6 {[%clk 0:22:37]} 30. Be2 {[%clk 1:04:22]} Qg6
{[%clk 0:15:06]} 31. Qxg6 {[%clk 1:02:20]} hxg6 {[%clk 0:15:30]} 32. Bb5
{[%clk 1:02:49]} Rd8 {[%clk 0:10:56]} 33. Bc6 {[%clk 1:03:14]} Kg7
{[%clk 0:10:00]} 34. Re1 {[%clk 1:03:40]} Bf6 {[%clk 0:09:56]} 35. Re4
{[%clk 1:03:17]} g5 {[%clk 0:10:09]} 36. Ra4 {[%clk 1:03:45]} a5 {[%clk 0:10:08]}
37. Rc4 {[%clk 1:04:08]} Bd4 {[%clk 0:09:59]} 38. a4 {[%clk 1:04:35]} Rc8
{[%clk 0:06:39]} 39. Rc1 {[%clk 1:02:50]} Kf7 {[%clk 0:04:56]} 40. Re1
{[%clk 1:02:37]} Bf6 {[%clk 0:02:35]} 41. Re4 {[%clk 1:02:56]} Be7
{[%clk 0:48:29]} 42. Kf1 {[%clk 1:53:01]} Bd6 {[%clk 0:46:31]} 43. Re6
{[%clk 1:52:37]} Rxc6 {[%clk 0:44:01]} 44. Rh6 {[%clk 1:52:47]} Kg7
{[%clk 0:40:12]} 45. Re6 {[%clk 1:53:14]} Kf7 {[%clk 0:40:18]} 46. Rh6
{[%clk 1:53:39]} Kg7 {[%clk 0:36:42]} 47. Re6 {[%clk 1:54:01]} Kf7
{[%clk 0:36:50]} 1/2-1/2

[Event "Hastings Masters"]
[Site "Hastings, England"]
[Date "2014.12.30"
[Round "2.5"]
[White "Galyas, Miklos"]
[WhiteElo "2428"]
[Black "Bogner, Sebastian"]
[BlackElo "2586"]
[Result "1/2-1/2"]

1. Nf3 {[%clk 1:40:39]} Nf6 {[%clk 1:38:23]} 2. c4 {[%clk 1:40:53]} b6
{[%clk 1:38:49]} 3. g3 {[%clk 1:41:07]} Bb7 {[%clk 1:39:14]} 4. Bg2
{[%clk 1:41:24]} g6 {[%clk 1:38:53]} 5. b3 {[%clk 1:41:21]} Bg7 {[%clk 1:39:15]}
6. Bb2 {[%clk 1:41:42]} O-O {[%clk 1:39:10]} 7. O-O {[%clk 1:42:03]} c5
{[%clk 1:38:56]} 8. Nc3 {[%clk 1:41:24]} Ne4 {[%clk 1:26:36]} 9. Qc2
{[%clk 1:38:20]} Nxc3 {[%clk 1:26:29]} 10. Bxc3 {[%clk 1:37:33]} Bxc3
{[%clk 1:23:38]} 11. Qxc3 {[%clk 1:37:35]} Nc6 {[%clk 1:22:27]} 12. d4
{[%clk 1:32:13]} cxd4 {[%clk 1:22:29]} 13. Nxd4 {[%clk 1:32:30]} Nxd4
{[%clk 1:22:02]} 14. Qxd4 {[%clk 1:32:52]} Bxg2 {[%clk 1:21:59]} 15. Kxg2
{[%clk 1:33:14]} Qc7 {[%clk 1:21:38]} 16. f4 {[%clk 1:26:26]} 1/2-1/2

[Event "Hastings Masters"]
[Site "Hastings, England"]
[Date "2014.12.30"
[Round "2.6"]
[White "Zhao, Jun"]
[WhiteElo "2585"]
[Black "Bates, Richard A"]
[BlackElo "2349"]
[Result "1-0"]

1. d4 {[%clk 1:40:52]} Nf6 {[%clk 1:40:12]} 2. c4 d6 {[%clk 1:37:02]} 3. Nf3
{[%clk 1:40:12]} Bf5 4. g3 {[%clk 1:29:25]} Nbd7 {[%clk 1:32:55]} 5. Bg2
{[%clk 1:27:32]} e5 {[%clk 1:30:36]} 6. Nc3 {[%clk 1:23:18]} c6 {[%clk 1:28:07]}
7. Nh4 {[%clk 1:20:09]} Bg6 {[%clk 1:25:01]} 8. d5 {[%clk 1:17:47]} c5
{[%clk 1:20:20]} 9. e4 {[%clk 1:17:05]} Be7 {[%clk 1:17:13]} 10. Qd3
{[%clk 1:09:16]} a6 {[%clk 1:09:02]} 11. a4 {[%clk 1:08:55]} O-O {[%clk 0:59:42]}
12. Nxg6 {[%clk 1:08:00]} hxg6 {[%clk 0:59:33]} 13. h4 {[%clk 1:08:22]} Qe8
{[%clk 0:54:27]} 14. Bh3 {[%clk 1:05:55]} Nh7 {[%clk 0:49:54]} 15. Bd2
{[%clk 0:58:01]} Bd8 {[%clk 0:47:48]} 16. a5 {[%clk 0:57:52]} Rb8
{[%clk 0:42:05]} 17. f3 {[%clk 0:44:21]} Qe7 {[%clk 0:31:41]} 18. Kf2
{[%clk 0:42:38]} Bc7 {[%clk 0:30:09]} 19. Ra2 {[%clk 0:34:17]} Ndf6
{[%clk 0:25:08]} 20. Kg2 {[%clk 0:31:45]} Nh5 {[%clk 0:24:23]} 21. Ne2
{[%clk 0:30:55]} b5 {[%clk 0:20:17]} 22. axb6 {[%clk 0:29:34]} Rxb6
{[%clk 0:20:42]} 23. Rha1 {[%clk 0:23:31]} Rfb8 {[%clk 0:17:53]} 24. Bc1
{[%clk 0:23:55]} Rb3 {[%clk 0:15:10]} 25. Nc3 {[%clk 0:24:18]} Bd8
{[%clk 0:10:15]} 26. Qc2 {[%clk 0:19:45]} Nxg3 {[%clk 0:05:27]} 27. Kxg3
{[%clk 0:20:02]} Qxh4+ {[%clk 0:05:51]} 28. Kg2 {[%clk 0:18:30]} Ng5
{[%clk 0:03:09]} 29. Bg4 {[%clk 0:16:45]} f5 {[%clk 0:02:49]} 30. Bxg5
{[%clk 0:11:40]} Qxg5 {[%clk 0:02:39]} 31. exf5 {[%clk 0:11:59]} gxf5
{[%clk 0:02:44]} 32. Qxf5 {[%clk 0:12:03]} Qd2+ {[%clk 0:00:48]} 33. Kg3
{[%clk 0:09:53]} Rxb2 {[%clk 0:00:32]} 34. Qe6+ {[%clk 0:09:54]} Kf8
{[%clk 0:01:00]} 35. Qxd6+ {[%clk 0:10:07]} Kf7 {[%clk 0:00:56]} 36. Bh5+
{[%clk 0:08:15]} Kg8 {[%clk 0:01:15]} 37. Qe6+ {[%clk 0:08:42]} Kh8
{[%clk 0:01:04]} 38. Qe8+ {[%clk 0:09:05]} Kh7 {[%clk 0:01:30]} 39. Bg6+
{[%clk 0:09:27]} 1-0

[Event "Hastings Masters"]
[Site "Hastings, England"]
[Date "2014.12.30"
[Round "2.7"]
[White "Ashton, Adam G"]
[WhiteElo "2398"]
[Black "Lagarde, Maxime"]
[BlackElo "2576"]
[Result "0-1"]

1. e4 e6 2. d4 d5 3. Nc3 Bb4 4. e5 c5 5. a3 Bxc3+ 6. bxc3 Ne7 7. Qg4 Qc7 8. Bd3
c4 9. Be2 Nf5 10. Nf3 Nc6 11. O-O Bd7 12. Nh4 Nce7 13. Nxf5 Nxf5 14. Qh3 Ba4 15.
Bd1 O-O-O 16. f4 h5 17. Rf2 f6 18. g3 Qa5 19. Bd2 Qb6 20. Qf1 Qb2 21. Rc1 Qxa3
22. Bf3 Qe7 23. Qd1 Be8 24. Ra1 Kb8 25. Bc1 Bg6 26. Ba3 Qd7 27. Qb1 Qc6 28. Re2
Rd7 29. Qa2 b6 30. Ree1 Rb7 31. Bg2 Nh6 32. Bd6+ Ka8 33. Qb2 Be4 34. Bh3 f5 35.
Ra6 h4 36. Bg2 hxg3 37. hxg3 Bxg2 38. Kxg2 Ng4 39. Rh1 Rxh1 0-1

[Event "Hastings Masters"]
[Site "Hastings, England"]
[Date "2014.12.30"
[Round "2.8"]
[White "Sengupta, Deep"]
[WhiteElo "2566"]
[Black "Wallner, Joachim"]
[BlackElo "2340"]
[Result "1-0"]

1. e4 {[%clk 1:40:48]} e5 {[%clk 1:40:53]} 2. Nf3 {[%clk 1:41:12]} Nc6
{[%clk 1:41:20]} 3. d4 {[%clk 1:41:26]} exd4 {[%clk 1:41:45]} 4. Nxd4
{[%clk 1:41:52]} Bc5 {[%clk 1:42:09]} 5. Be3 {[%clk 1:42:05]} Qf6
{[%clk 1:42:13]} 6. c3 {[%clk 1:42:30]} Nge7 {[%clk 1:39:53]} 7. Bc4
{[%clk 1:42:51]} d6 {[%clk 1:38:38]} 8. O-O {[%clk 1:42:40]} Ne5 {[%clk 1:27:50]}
9. Be2 {[%clk 1:40:11]} Bd7 {[%clk 1:25:25]} 10. f4 {[%clk 1:32:46]} N5c6
{[%clk 1:24:20]} 11. Kh1 {[%clk 1:29:35]} O-O {[%clk 1:19:51]} 12. Qd3
{[%clk 1:26:40]} Bb6 {[%clk 1:14:59]} 13. Nd2 {[%clk 1:24:53]} Nxd4
{[%clk 1:15:09]} 14. Bxd4 {[%clk 1:24:28]} Bxd4 {[%clk 1:15:07]} 15. cxd4
{[%clk 1:24:56]} d5 {[%clk 1:14:33]} 16. f5 {[%clk 1:17:20]} Qh4 {[%clk 1:10:24]}
17. f6 {[%clk 1:10:09]} gxf6 {[%clk 1:10:40]} 18. Bf3 {[%clk 1:04:45]} dxe4
{[%clk 1:06:29]} 19. Nxe4 {[%clk 1:02:29]} Rad8 {[%clk 1:02:53]} 20. Qd2
{[%clk 0:55:01]} Nd5 {[%clk 0:58:42]} 21. g3 {[%clk 0:54:55]} Qh3
{[%clk 0:59:00]} 22. Nxf6+ {[%clk 0:41:37]} Nxf6 {[%clk 0:59:13]} 23. Qg5+
{[%clk 0:42:05]} Kh8 {[%clk 0:59:35]} 24. Qxf6+ {[%clk 0:42:31]} Kg8
{[%clk 1:00:02]} 25. Qg5+ {[%clk 0:18:55]} Kh8 {[%clk 0:59:39]} 26. Qf6+
{[%clk 0:17:30]} Kg8 {[%clk 1:00:01]} 27. Qg5+ {[%clk 0:17:58]} Kh8
{[%clk 0:59:46]} 28. Qe5+ {[%clk 0:18:15]} f6 {[%clk 1:00:02]} 29. Qxc7
{[%clk 0:17:48]} Bb5 {[%clk 0:59:36]} 30. Rfe1 {[%clk 0:16:34]} Qd7
{[%clk 0:52:36]} 31. Re7 {[%clk 0:14:59]} Qxc7 {[%clk 0:53:01]} 32. Rxc7
{[%clk 0:15:28]} Rd7 {[%clk 0:53:27]} 33. Rxb7 {[%clk 0:11:42]} 1-0

[Event "Hastings Masters"]
[Site "Hastings, England"]
[Date "2014.12.30"
[Round "2.9"]
[White "Jackson, James P"]
[WhiteElo "2356"]
[Black "Hawkins, Jonathan"]
[BlackElo "2552"]
[Result "0-1"]

1. e4 {[%clk 1:40:56]} c6 {[%clk 1:40:55]} 2. d4 {[%clk 1:41:22]} d5
{[%clk 1:41:20]} 3. Nd2 {[%clk 1:41:30]} dxe4 {[%clk 1:41:43]} 4. Nxe4
{[%clk 1:41:55]} Nd7 {[%clk 1:42:10]} 5. Ng5 {[%clk 1:41:50]} Ngf6
{[%clk 1:42:30]} 6. Bd3 {[%clk 1:42:15]} e6 {[%clk 1:41:14]} 7. N1f3
{[%clk 1:42:40]} Bd6 {[%clk 1:41:12]} 8. Qe2 {[%clk 1:42:52]} h6 {[%clk 1:41:16]}
9. Ne4 {[%clk 1:43:18]} Nxe4 {[%clk 1:41:09]} 10. Qxe4 {[%clk 1:43:45]} Qc7
{[%clk 1:41:31]} 11. O-O {[%clk 1:43:30]} b6 {[%clk 1:41:16]} 12. Qg4
{[%clk 1:43:20]} Kf8 {[%clk 1:40:53]} 13. b3 {[%clk 1:43:11]} Bb7
{[%clk 1:40:23]} 14. Re1 {[%clk 1:43:05]} Nf6 {[%clk 1:33:56]} 15. Qh3
{[%clk 1:43:15]} Nd5 {[%clk 1:29:09]} 16. c4 {[%clk 1:43:20]} Nf4
{[%clk 1:23:26]} 17. Bxf4 {[%clk 1:43:42]} Bxf4 {[%clk 1:23:51]} 18. c5
{[%clk 1:44:08]} Kg8 {[%clk 1:13:09]} 19. g3 {[%clk 1:16:43]} Bg5
{[%clk 1:12:43]} 20. Nxg5 {[%clk 1:16:52]} hxg5 {[%clk 1:12:59]} 21. Qg4
{[%clk 1:17:18]} Qe7 {[%clk 1:10:51]} 22. Re5 {[%clk 1:14:48]} Rd8
{[%clk 1:01:59]} 23. Rae1 {[%clk 1:08:09]} Qf6 {[%clk 0:58:29]} 24. Bc4
{[%clk 1:01:48]} Bc8 {[%clk 0:55:39]} 25. Qxg5 {[%clk 0:56:23]} Qxg5
{[%clk 0:54:40]} 26. Rxg5 {[%clk 0:56:51]} Rxd4 {[%clk 0:55:03]} 27. Rge5
{[%clk 0:56:46]} Kf8 {[%clk 0:54:35]} 28. Bf1 {[%clk 0:48:56]} Ke7
{[%clk 0:52:18]} 29. Bg2 {[%clk 0:47:14]} f6 {[%clk 0:52:42]} 30. R5e3
{[%clk 0:47:10]} bxc5 {[%clk 0:51:07]} 31. Bxc6 {[%clk 0:44:04]} e5
{[%clk 0:49:30]} 32. Bg2 {[%clk 0:43:41]} Kd6 {[%clk 0:49:19]} 33. Rc3
{[%clk 0:41:46]} Be6 {[%clk 0:49:19]} 34. Rec1 {[%clk 0:41:27]} Rc8
{[%clk 0:48:11]} 35. Bf1 {[%clk 0:40:05]} g5 {[%clk 0:47:41]} 36. Ba6
{[%clk 0:24:45]} Rc7 {[%clk 0:47:39]} 37. Rf3 {[%clk 0:21:59]} f5
{[%clk 0:47:21]} 38. Rfc3 {[%clk 0:22:25]} g4 {[%clk 0:43:42]} 39. Bc4
{[%clk 0:10:39]} Bxc4 {[%clk 0:42:40]} 40. Rxc4 {[%clk 0:11:04]} a5
{[%clk 0:42:21]} 41. Kg2 {[%clk 0:07:06]} Kd5 {[%clk 0:42:10]} 42. R1c2
{[%clk 0:04:21]} a4 {[%clk 0:48:25]} 43. h3 {[%clk 0:01:44]} gxh3+
{[%clk 0:40:53]} 44. Kxh3 {[%clk 0:02:12]} Rxc4 {[%clk 0:39:09]} 45. Rxc4
{[%clk 0:02:25]} axb3 {[%clk 0:39:34]} 46. axb3 {[%clk 0:02:51]} e4
{[%clk 0:39:17]} 47. Kg2 {[%clk 0:43:52]} Rb7 {[%clk 1:26:52]} 48. Rc3
{[%clk 0:44:19]} Rb4 {[%clk 1:26:08]} 49. Kf1 {[%clk 0:43:01]} Kd4
{[%clk 1:26:31]} 50. Re3 {[%clk 0:43:26]} Rb6 {[%clk 1:26:24]} 51. Kg2
{[%clk 0:34:56]} Ra6 {[%clk 1:26:20]} 52. Re1 {[%clk 0:35:13]} Ra2
{[%clk 1:25:52]} 53. Rd1+ {[%clk 0:27:10]} Kc3 {[%clk 1:25:33]} 54. Rd5
{[%clk 0:27:08]} e3 {[%clk 1:25:34]} 55. Kf1 {[%clk 0:09:40]} Rxf2+
{[%clk 1:19:54]} 56. Ke1 {[%clk 0:10:09]} Kb4 {[%clk 1:19:31]} 57. Re5
{[%clk 0:10:25]} Rb2 {[%clk 1:18:53]} 58. Rxe3 {[%clk 0:10:11]} Rxb3
{[%clk 1:18:48]} 59. Re5 {[%clk 0:10:37]} Rxg3 {[%clk 1:17:26]} 60. Rxf5
{[%clk 0:11:02]} Rd3 {[%clk 1:17:36]} 0-1

[Event "Hastings Masters"]
[Site "Hastings, England"]
[Date "2014.12.30"
[Round "2.10"]
[White "Hebden, Mark L"]
[WhiteElo "2523"]
[Black "Reinwald, Patrick"]
[BlackElo "2144"]
[Result "1-0"]

1. d4 {[%clk 1:40:57]} Nf6 {[%clk 1:39:48]} 2. Nf3 {[%clk 1:41:15]} e6
{[%clk 1:40:04]} 3. e3 {[%clk 1:40:24]} c5 {[%clk 1:39:55]} 4. c4
{[%clk 1:39:49]} d5 {[%clk 1:39:20]} 5. cxd5 {[%clk 1:40:00]} exd5
{[%clk 1:39:31]} 6. Bb5+ {[%clk 1:40:23]} Bd7 {[%clk 1:39:01]} 7. Bxd7+
{[%clk 1:40:34]} Nbxd7 {[%clk 1:39:15]} 8. dxc5 {[%clk 1:40:53]} Bxc5
{[%clk 1:37:43]} 9. O-O {[%clk 1:41:14]} O-O {[%clk 1:35:18]} 10. Nc3
{[%clk 1:41:36]} Nb6 {[%clk 1:35:30]} 11. b3 {[%clk 1:41:58]} Re8
{[%clk 1:28:58]} 12. Bb2 {[%clk 1:41:25]} Ne4 {[%clk 1:27:41]} 13. Rc1
{[%clk 1:38:11]} Rc8 {[%clk 1:18:29]} 14. Nb5 {[%clk 1:35:32]} Qd7
{[%clk 1:14:14]} 15. Nxa7 {[%clk 1:23:58]} Ra8 {[%clk 1:02:06]} 16. Rxc5
{[%clk 1:23:03]} Rxa7 {[%clk 0:56:57]} 17. Qd4 {[%clk 1:22:17]} f6
{[%clk 0:55:26]} 18. Rc2 {[%clk 1:22:16]} Qb5 {[%clk 0:55:38]} 19. Bc1
{[%clk 1:14:50]} Ra6 {[%clk 0:51:58]} 20. Qd1 {[%clk 1:06:00]} Raa8
{[%clk 0:42:08]} 21. Nd4 {[%clk 0:58:42]} Qd7 {[%clk 0:42:26]} 22. a4
{[%clk 0:57:54]} Rac8 {[%clk 0:42:43]} 23. Bb2 {[%clk 0:58:01]} Rxc2
{[%clk 0:43:01]} 24. Qxc2 {[%clk 0:58:23]} Rc8 {[%clk 0:43:24]} 25. Qe2
{[%clk 0:58:02]} Qc7 {[%clk 0:39:58]} 26. h3 {[%clk 0:56:03]} 1-0

[Event "Hastings Masters"]
[Site "Hastings, England"]
[Date "2014.12.30"
[Round "2.11"]
[White "Longson, Alexander"]
[WhiteElo "2339"]
[Black "Vakhidov, Jahongir"]
[BlackElo "2502"]
[Result "0-1"]

1. e4 c5 {[%clk 1:28:18]} 2. Nf3 {[%clk 1:41:14]} Nc6 {[%clk 1:28:23]} 3. d4
{[%clk 1:41:20]} cxd4 {[%clk 1:28:32]} 4. Nxd4 {[%clk 1:41:42]} g6
{[%clk 1:28:36]} 5. c4 {[%clk 1:41:41]} Bg7 {[%clk 1:28:47]} 6. Be3
{[%clk 1:41:44]} Nf6 {[%clk 1:28:55]} 7. Nc3 {[%clk 1:42:01]} O-O
{[%clk 1:28:35]} 8. Be2 {[%clk 1:41:42]} d6 {[%clk 1:28:35]} 9. O-O
{[%clk 1:41:35]} Nxd4 {[%clk 1:28:06]} 10. Bxd4 {[%clk 1:41:58]} Bd7
{[%clk 1:28:16]} 11. Qd2 {[%clk 1:41:22]} Bc6 {[%clk 1:28:34]} 12. f3
{[%clk 1:41:36]} a5 {[%clk 1:26:40]} 13. b3 {[%clk 1:41:43]} Nd7 {[%clk 1:27:01]}
14. Bf2 {[%clk 1:41:40]} Nc5 {[%clk 1:23:31]} 15. Rab1 {[%clk 1:41:44]} Be5
{[%clk 1:18:48]} 16. Bd1 {[%clk 1:24:51]} Qd7 {[%clk 1:06:36]} 17. a3
{[%clk 1:09:40]} Qe6 {[%clk 0:35:50]} 18. Nd5 {[%clk 0:49:59]} Bxd5
{[%clk 0:34:56]} 19. exd5 {[%clk 0:49:49]} Qf6 {[%clk 0:33:32]} 20. Be3
{[%clk 0:44:08]} Bc3 {[%clk 0:33:10]} 21. Qf2 {[%clk 0:42:33]} Rfc8
{[%clk 0:27:45]} 22. a4 {[%clk 0:36:03]} Nd3 {[%clk 0:25:30]} 23. Qc2
{[%clk 0:33:20]} Nb4 {[%clk 0:25:13]} 24. Qe4 {[%clk 0:29:19]} e6
{[%clk 0:22:57]} 25. dxe6 {[%clk 0:25:46]} fxe6 {[%clk 0:21:59]} 26. Be2
{[%clk 0:17:05]} d5 {[%clk 0:21:46]} 27. Qf4 {[%clk 0:14:29]} Qg7
{[%clk 0:18:28]} 28. Rbd1 {[%clk 0:12:28]} Rd8 {[%clk 0:14:08]} 29. Bb6
{[%clk 0:08:52]} Rd7 {[%clk 0:13:12]} 30. cxd5 {[%clk 0:05:38]} Nxd5
{[%clk 0:11:53]} 31. Qg4 {[%clk 0:05:27]} Nxb6 {[%clk 0:11:49]} 32. Qxe6+
{[%clk 0:05:23]} Kh8 {[%clk 0:10:21]} 33. Qxb6 {[%clk 0:03:56]} Bd4+
{[%clk 0:10:39]} 34. Rxd4 {[%clk 0:04:21]} Qxd4+ {[%clk 0:10:53]} 35. Qxd4+
{[%clk 0:04:47]} Rxd4 {[%clk 0:11:04]} 36. f4 {[%clk 0:02:10]} Re8
{[%clk 0:09:52]} 37. Bf3 {[%clk 0:00:49]} b6 {[%clk 0:09:14]} 38. Rc1
{[%clk 0:00:35]} Red8 {[%clk 0:05:10]} 39. Kf2 {[%clk 0:00:32]} Rd3
{[%clk 0:04:22]} 40. Rb1 {[%clk 0:00:35]} R8d4 {[%clk 0:03:47]} 41. Ke2
{[%clk 0:48:53]} Rc3 {[%clk 0:50:32]} 42. g3 {[%clk 0:48:38]} Rdd3
{[%clk 0:49:46]} 0-1